00243nam a2200109Ia 4500008004100000100002300041245002000064250000900084260002300093300000900116650000800125191201s2009 xx 000 0 und d aLipschutz, Seymour 0aData Structures a17th c2009bTMHaN.Delhi a9.27 aCSE